000 00968nam a2200241 a 4500
001 39063
003 BD-RjUL
005 20211209052917.0
008 160404b2010 bg o|||e |||| 00| 0 ben d
020 _a9845550525
_cTk.130.00
035 _a(BD-RjUL) 39174
040 _aBD-RjUL
_bben
_cBD-RjUL
041 _aben
082 _223
_a792
_bJOM 2010
100 _aজন,জিল্লুর রহমান।
_9120568
245 _aমুকাভিনয় শিল্পী ও শিল্পচিন্তা /
_cজিল্লুর রহমান জন
260 _a ঢাকা:
_bবাংলাদেশ শিল্পকলা একাডেমী,
_c২০১০
300 _a১৬৮ পৃ.
_bচিত্র
_c২২ সেমি.
504 _aগ্রন্থপঞ্জি ও নির্ঘন্ট সংযুক্ত
650 _aবাংলা শিল্প
_9120569
650 _aBengali Art
_9120570
942 _2ddc
_cBK
999 _c39063
_d39063